[Event "4th OHRA Open"]
[Site "Amsterdam NED"]
[Date "1985.07.19"]
[Round "4"]
[White "Langeweg, Christian"]
[Black "Vanheste, Jeroen"]
[Result "1-0"]
[WhiteElo "2405"]
[BlackElo "2360"]
[EventDate "1985.07.16"]
[PlyCount "37"]

1.d4 d5 2.Nf3 Nc6 3.Bf4 Bg4 4.c3 e6 5.Nbd2 Bd6 6.e3 Nge7 7.Be2 Ng6 8.Bg3 
h5 9.Qb3 Rb8 10.Bd3 Qf6 11.O-O-O h4 12.Bxd6 cxd6 13.h3 Bf5 14.e4 Nf4 15.
Bb5 a6 16.Bxc6+ Ke7 17.Bxd5 Nd3+ 18.Kb1 Bg6 19.Qc4 1-0

[Event "4th OHRA Open"]
[Site "Amsterdam NED"]
[Date "1985.07.21"]
[Round "5"]
[White "Rogers, Ian"]
[Black "Wockenfuss, Klaus"]
[Result "1-0"]
[WhiteElo "2510"]
[BlackElo "2370"]
[EventDate "1985.07.16"]
[PlyCount "115"]

1.e4 Nc6 2.d4 d5 3.Nc3 dxe4 4.d5 Ne5 5.Bf4 Ng6 6.Bg3 a6 7.Bc4 Nf6 8.f3 e6 
9.dxe6 Bxe6 10.Bxe6 fxe6 11.Nxe4 Nxe4 12.fxe4 Bd6 13.Bxd6 Qxd6 14.Qxd6 
cxd6 15.Nf3 Ke7 16.g3 Rac8 17.c3 Rc4 18.Nd2 Rc5 19.Ke2 Rf8 20.Rhf1 Rxf1 
21.Rxf1 Ne5 22.h3 Nc4 23.Nxc4 Rxc4 24.Kd3 Rc5 25.a4 Rg5 26.Rf3 Ra5 27.b3 
b5 28.c4 b4 29.Kd4 Rc5 30.g4 Rg5 31.Re3 Re5 32.h4 h6 33.Rg3 Rc5 34.g5 hxg5
35.Rxg5 e5+ 36.Ke3 Kf6 37.Rf5+ Ke7 38.h5 Rc8 39.Rg5 Kf7 40.Kf3 Rh8 41.Kg4 
a5 42.Rg6 Rd8 43.Kf5 Rh8 44.Kg4 Rd8 45.Kg5 Kf8 46.Kf5 Kf7 47.h6 gxh6 48.
Rxh6 Rg8 49.Rxd6 Rg3 50.Rd5 Rxb3 51.Rxa5 Rc3 52.c5 b3 53.Rb5 Ke7 54.Kxe5 
b2 55.Rb7+ Kd8 56.Rxb2 Rxc5+ 57.Kd6 Rc8 58.Rg2 1-0

[Event "4th OHRA Open"]
[Site "Amsterdam NED"]
[Date "1985.07.21"]
[Round "5"]
[White "Piket, Jeroen"]
[Black "De Wit, Jan"]
[Result "1-0"]
[WhiteElo "2400"]
[BlackElo "2390"]
[EventDate "1985.07.16"]
[PlyCount "77"]

1.b3 e5 2.Bb2 d6 3.e3 Nf6 4.c4 Nc6 5.Nc3 Be7 6.Nf3 O-O 7.d4 Bf5 8.Be2 Re8 
9.O-O h6 10.Rc1 e4 11.Ne1 Bf8 12.Qd2 Qd7 13.Nc2 h5 14.f3 exf3 15.gxf3 Bh3 
16.Rf2 Be7 17.Ne1 d5 18.Ng2 dxc4 19.bxc4 Nh7 20.Kh1 g6 21.Rg1 Bf6 22.Nd5 
Bg7 23.Ngf4 Ne7 24.Nxc7 Qxc7 25.Nxh3 Nf5 26.Bd3 Nxe3 27.d5 Nxc4 28.Qc1 
Rac8 29.Bxg7 Kxg7 30.Nf4 Ne3 31.Qb2+ Qe5 32.Ne6+ Kf6 33.Qxb7 Nxd5 34.Re2 
Ne3 35.Rge1 Qxe6 36.Rxe3 Qxe3 37.Rxe3 Rxe3 38.Qxc8 Rxd3 39.Qh8+ 1-0

[Event "4th OHRA Open"]
[Site "Amsterdam NED"]
[Date "1985.07.21"]
[Round "5"]
[White "Bohm, Hans"]
[Black "Ree, Hans"]
[Result "1/2-1/2"]
[WhiteElo "2395"]
[BlackElo "2465"]
[EventDate "1985.07.16"]
[PlyCount "85"]

1.e4 c5 2.c4 Nc6 3.Nc3 g6 4.g3 Bg7 5.Bg2 e6 6.Nge2 Nge7 7.O-O O-O 8.a3 b6 
9.Rb1 Bb7 10.b4 d6 11.d3 Qd7 12.Qa4 Rfd8 13.Rd1 Nd4 14.Qxd7 Rxd7 15.Nxd4 
Bxd4 16.Ne2 Bg7 17.Be3 Rc8 18.h4 h5 19.Rdc1 Nc6 20.f4 Kf8 21.Kh2 f5 22.Rc2
Ne7 23.Ng1 Ng8 24.Nh3 Nf6 25.Nf2 Ba8 26.Kg1 Rdc7 27.Rbc1 Ke8 28.Kf1 Bf8 
29.bxc5 bxc5 30.Rb2 d5 31.e5 Nd7 32.Bd2 dxc4 33.dxc4 Bxg2+ 34.Kxg2 Rb8 35.
Rxb8+ Nxb8 36.Rb1 Nc6 37.Rb5 Kd7 38.Nd3 Nd4 39.Rb8 Rc8 40.Rb7+ Rc7 41.Rb8 
Rc8 42.Rb2 Rc6 43.Bc3 1/2-1/2

[Event "4th OHRA Open"]
[Site "Amsterdam NED"]
[Date "1985.07.21"]
[Round "5"]
[White "Klaric, Zlatko"]
[Black "Langeweg, Christian"]
[Result "1-0"]
[WhiteElo "2465"]
[BlackElo "2405"]
[EventDate "1985.07.16"]
[PlyCount "107"]

1.d4 Nf6 2.c3 g6 3.Bg5 Bg7 4.Nd2 d5 5.e3 O-O 6.Bd3 c5 7.Ngf3 b6 8.O-O Nbd7
9.a4 Bb7 10.Qb1 Qc8 11.h3 Ba6 12.b4 Bxd3 13.Qxd3 cxb4 14.cxb4 Qb7 15.Rfc1 
Rfc8 16.b5 Rxc1+ 17.Rxc1 Rc8 18.Qa3 e6 19.Rc3 Bf8 20.Qc1 Rxc3 21.Qxc3 Ne8 
22.Bf4 Bd6 23.Bxd6 Nxd6 24.Ne5 Nxe5 25.dxe5 Nc4 26.Ne4 Qe7 27.Nf6+ Kg7 28.
Qd4 Nxe5 29.Ng4 f6 30.Nxe5 fxe5 31.Qxe5+ Qf6 32.Qc7+ Qf7 33.Qb8 g5 34.Qg3 
h6 35.h4 Qf6 36.hxg5 hxg5 37.Qc7+ Qf7 38.Qb8 Kg6 39.g4 Qg7 40.Kg2 Kh6 41.
Qe8 Qe5 42.Qf7 d4 43.exd4 Qe4+ 44.Kg3 Qd3+ 45.Kh2 Qxd4 46.Qh5+ Kg7 47.
Qxg5+ Kh7 48.Kg3 Qxa4 49.Qh5+ Kg7 50.Qe5+ Kh7 51.f3 a6 52.bxa6 Qxa6 53.
Qxe6 Qb7 54.Qe4+ 1-0

[Event "4th OHRA Open"]
[Site "Amsterdam NED"]
[Date "1985.07.21"]
[Round "5"]
[White "Ermenkov, Evgeny"]
[Black "Campora, Daniel Hugo"]
[Result "1/2-1/2"]
[WhiteElo "2520"]
[BlackElo "2440"]
[EventDate "1985.07.16"]
[PlyCount "94"]

1.e4 c6 2.d4 d5 3.Nc3 dxe4 4.Nxe4 Bf5 5.Ng3 Bg6 6.h4 h6 7.Nf3 Nf6 8.h5 Bh7
9.Bd3 Bxd3 10.Qxd3 e6 11.Bd2 Nbd7 12.O-O-O Qc7 13.Ne4 O-O-O 14.g3 Nc5 15.
Nxc5 Bxc5 16.Qe2 Bb6 17.Bf4 Qe7 18.c4 Rhe8 19.Qe5 Bc7 20.Qxc7+ Qxc7 21.
Bxc7 Kxc7 22.Rh4 Re7 23.Ne5 b5 24.b3 bxc4 25.bxc4 Rb8 26.Rd3 Kd6 27.Ra3 
Rc7 28.Ra6 Rbc8 29.Rf4 Ke7 30.c5 Kf8 31.g4 Nd5 32.Rf3 f6 33.Nc4 Rb8 34.
Rfa3 Rb4 35.Nd6 Rxd4 36.Rxa7 Rxa7 37.Rxa7 Rxg4 38.a4 Nb4 39.Kd2 Rg5 40.Kc3
Nd5+ 41.Kb3 Rxh5 42.a5 Rh3+ 43.Ka2 Rf3 44.a6 Rxf2+ 45.Kb3 Rf3+ 46.Kb2 Rf2+
47.Kb3 Rf3+ 1/2-1/2

[Event "4th OHRA Open"]
[Site "Amsterdam NED"]
[Date "1985.07.22"]
[Round "6"]
[White "Kurajica, Bojan"]
[Black "Bischoff, Klaus"]
[Result "1/2-1/2"]
[WhiteElo "2505"]
[BlackElo "2415"]
[EventDate "1985.07.16"]
[PlyCount "133"]

1.d4 e6 2.Nf3 Nf6 3.g3 b6 4.Bg2 Bb7 5.c4 Be7 6.O-O O-O 7.Nc3 Ne4 8.Bd2 c5 
9.Nxe4 Bxe4 10.Bc3 d6 11.Qd2 Nd7 12.Rfd1 Qc7 13.b3 Rad8 14.dxc5 dxc5 15.
Qe3 Bxf3 16.Bxf3 Bf6 17.Rd2 Ne5 18.Rad1 Rxd2 19.Rxd2 Nxf3+ 20.Qxf3 Bxc3 
21.Qxc3 Rd8 22.Qe5 Qc8 23.Qf4 h6 24.h4 Rd7 25.h5 Qd8 26.Rxd7 Qxd7 27.Qb8+ 
Kh7 28.Kg2 Qc6+ 29.f3 Qd7 30.Qf4 Kg8 31.Kf2 Kf8 32.Qb8+ Ke7 33.Ke1 Kf6 34.
Qf4+ Ke7 35.Qe5 Kf8 36.Qb8+ Ke7 37.g4 Kf6 38.Qf4+ Ke7 39.Qe5 Kf8 40.Qb8+ 
Ke7 41.a3 Kf6 42.Qf4+ Ke7 43.Qe5 Kf8 44.Qb8+ Ke7 45.a4 Kf6 46.Qf4+ Ke7 47.
Qe5 Kf8 48.Qb8+ Ke7 49.Qe5 Kf8 50.f4 f6 51.Qb8+ Kf7 52.Qa8 Ke7 53.Qe4 Kd6 
54.Qa8 Ke7 55.Qg8 Kd6 56.Qb8+ Ke7 57.Qg8 Kd6 58.e3 Kc7 59.Ke2 Kb7 60.f5 
exf5 61.gxf5 Ka6 62.Qe6 Qc7 63.Qe8 Qh2+ 64.Kd3 Qh1 65.Qb5+ Kb7 66.Qd7+ Ka6
67.Qb5+ 1/2-1/2

[Event "4th OHRA Open"]
[Site "Amsterdam NED"]
[Date "1985.07.22"]
[Round "6"]
[White "Ivkov, Borislav"]
[Black "Vanheste, Jeroen"]
[Result "1-0"]
[WhiteElo "2510"]
[BlackElo "2360"]
[EventDate "1985.07.16"]
[PlyCount "77"]

1.Nf3 d5 2.e3 Nf6 3.c4 e6 4.b3 Bd6 5.Bb2 O-O 6.Be2 b6 7.Nc3 a6 8.O-O Bb7 
9.d4 Nbd7 10.Rc1 Ne4 11.a3 Ndf6 12.Nxe4 Nxe4 13.b4 dxc4 14.Bxc4 Qe7 15.Bd3
Ng5 16.Ne5 Bxe5 17.dxe5 Rfd8 18.f3 Nxf3+ 19.Rxf3 Bxf3 20.Qxf3 c5 21.Qe4 g6
22.bxc5 bxc5 23.Bc3 Qd7 24.Bc2 Rab8 25.Rf1 Qd5 26.Qf4 Rd7 27.Rd1 Qb7 28.
Rd6 Rdd8 29.h4 Qe7 30.h5 f5 31.hxg6 hxg6 32.Qh6 Qf7 33.a4 a5 34.Bxa5 Rxd6 
35.exd6 Qf6 36.d7 Qa1+ 37.Kf2 Qa2 38.Qxg6+ Kf8 39.Qf6+ 1-0

[Event "4th OHRA Open"]
[Site "Amsterdam NED"]
[Date "1985.07.22"]
[Round "6"]
[White "Pliester, Leon"]
[Black "Klaric, Zlatko"]
[Result "1-0"]
[WhiteElo "2340"]
[BlackElo "2465"]
[EventDate "1985.07.16"]
[PlyCount "79"]

1.e4 e5 2.Nf3 Nc6 3.Bb5 Nge7 4.O-O Ng6 5.d4 exd4 6.Nxd4 Bc5 7.Nf5 O-O 8.
Qh5 d5 9.Nc3 Bxf5 10.exf5 Nge5 11.f6 Qxf6 12.Nxd5 Qd6 13.Bxc6 bxc6 14.Bf4 
cxd5 15.Bxe5 Qb6 16.Rad1 f6 17.Bg3 c6 18.c4 Bd4 19.cxd5 c5 20.d6 f5 21.Qf3
Kh8 22.Qd5 Qxb2 23.d7 Qb6 24.Rfe1 h6 25.Qxa8 Rxa8 26.Re8+ Kh7 27.Rxa8 Bf6 
28.Be5 Bg5 29.d8=Q Bxd8 30.Raxd8 Qe6 31.Bxg7 Qxa2 32.Bf8 Kg6 33.Bxc5 Qc2 
34.Bxa7 Qa2 35.Be3 f4 36.Bxf4 h5 37.h4 Kf5 38.R8d5+ Kg4 39.f3+ Kxh4 40.g3+
1-0

[Event "4th OHRA Open"]
[Site "Amsterdam NED"]
[Date "1985.07.22"]
[Round "6"]
[White "De Wit, Jan"]
[Black "Farago, Ivan"]
[Result "1/2-1/2"]
[WhiteElo "2390"]
[BlackElo "2510"]
[EventDate "1985.07.16"]
[PlyCount "56"]

1.e4 e6 2.d4 d5 3.Nd2 Nf6 4.e5 Nfd7 5.c3 c5 6.f4 Nc6 7.Ndf3 Qb6 8.g3 f5 9.
Ne2 Be7 10.Bh3 O-O 11.g4 cxd4 12.cxd4 Qd8 13.O-O Nb6 14.Kh1 Bd7 15.Rg1 Be8
16.Rg3 Bg6 17.Qg1 Qe8 18.gxf5 exf5 19.Bf1 Nd8 20.Nc3 Ne6 21.Bd3 Kh8 22.Be3
Bh5 23.h3 g5 24.Ne2 Rc8 25.b3 Qf7 26.Bd2 g4 27.Ne1 Bg6 28.Ng2 Ng7 1/2-1/2

[Event "4th OHRA Open"]
[Site "Amsterdam NED"]
[Date "1985.07.22"]
[Round "6"]
[White "Borm, Franciscus"]
[Black "Ermenkov, Evgeny"]
[Result "1-0"]
[WhiteElo "2385"]
[BlackElo "2520"]
[EventDate "1985.07.16"]
[PlyCount "45"]

1.e4 c5 2.Nf3 d6 3.d4 cxd4 4.Nxd4 Nf6 5.Nc3 e6 6.Be2 a6 7.f4 Be7 8.O-O O-O
9.Kh1 Qc7 10.Be3 b5 11.e5 dxe5 12.fxe5 Nfd7 13.Bf4 Bb7 14.Bd3 Nc5 15.Qg4 
b4 16.Bh6 Qxe5 17.Rae1 f5 18.Nxf5 Qf6 19.Bxg7 exf5 20.Bc4+ Rf7 21.Bxf6+ 
fxg4 22.Bxe7 bxc3 23.Bxf7+ 1-0

[Event "4th OHRA Open"]
[Site "Amsterdam NED"]
[Date "1985.07.22"]
[Round "6"]
[White "Enklaar, Bertus"]
[Black "Haik, Aldo"]
[Result "0-1"]
[WhiteElo "2395"]
[BlackElo "2440"]
[EventDate "1985.07.16"]
[PlyCount "96"]

1.d4 Nf6 2.c4 d6 3.Nc3 Nbd7 4.e4 e5 5.Nf3 Be7 6.Be2 O-O 7.O-O c6 8.Re1 a6 
9.a3 b5 10.b4 Bb7 11.Bb2 Qb8 12.Qb3 Re8 13.Rad1 exd4 14.Nxd4 g6 15.Nf3 Ne5
16.Nxe5 dxe5 17.Rd2 Bc8 18.Red1 Be6 19.Qc2 Ra7 20.h3 Nd7 21.c5 a5 22.Bg4 
Bxg4 23.hxg4 Nf6 24.f3 axb4 25.axb4 h5 26.gxh5 Nxh5 27.Ne2 Bg5 28.Rd6 Qc8 
29.Qb3 Kf8 30.Bc1 Be7 31.Bh6+ Ng7 32.R6d2 Kg8 33.Qc3 Bf8 34.Nc1 Kh7 35.Be3
f5 36.Nd3 Qe6 37.Re2 Rd7 38.Rde1 fxe4 39.fxe4 Nh5 40.Rf2 Bg7 41.Rf3 Red8 
42.Bf2 Nf4 43.Nxf4 exf4 44.e5 g5 45.g3 Qf5 46.gxf4 Rd3 47.Qc2 gxf4 48.Bg3 
Qg6 0-1

[Event "4th OHRA Open"]
[Site "Amsterdam NED"]
[Date "1985.07.22"]
[Round "6"]
[White "Lombardy, William James"]
[Black "Boersma, Paulus"]
[Result "1/2-1/2"]
[WhiteElo "2510"]
[BlackElo "2385"]
[EventDate "1985.07.16"]
[PlyCount "121"]

1.e4 c6 2.d4 d5 3.e5 Bf5 4.c3 e6 5.Be3 Nd7 6.Nd2 c5 7.Qa4 cxd4 8.Bxd4 Ne7 
9.f4 Nc6 10.Ngf3 Nc5 11.Qd1 Nd3+ 12.Bxd3 Bxd3 13.Be3 Be7 14.Nb3 Be4 15.O-O
Rc8 16.Qe2 O-O 17.Nfd4 Nxd4 18.Bxd4 b6 19.a4 Bc5 20.Qf2 Qc7 21.Rfe1 f6 22.
exf6 Rxf6 23.Nxc5 bxc5 24.Bxf6 gxf6 25.Re3 Rb8 26.Rae1 Rb3 27.Rxe4 dxe4 
28.Rxe4 Qb6 29.Re2 Kf7 30.h3 c4 31.Qxb6 Rxb6 32.Kf2 e5 33.fxe5 fxe5 34.
Rxe5 Rxb2+ 35.Ke3 Rxg2 36.Kd4 Rh2 37.Ra5 Rxh3 38.Rxa7+ Ke6 39.Kxc4 Kd6 40.
Kb4 Kc6 41.Ra6+ Kb7 42.Rf6 h5 43.c4 Rh1 44.Rh6 h4 45.Kb5 Rb1+ 46.Kc5 Rh1 
47.Rh7+ Ka6 48.Rh8 Kb7 49.Rh6 h3 50.Rh8 h2 51.Rh7+ Kb8 52.a5 Ka8 53.Rh3 
Ka7 54.Rh6 Kb7 55.a6+ Ka7 56.Rh8 Kxa6 57.Rh7 Rg1 58.Rxh2 Rg5+ 59.Kd6 Rg6+ 
60.Ke7 Rg7+ 61.Ke6 1/2-1/2

[Event "4th OHRA Open"]
[Site "Amsterdam NED"]
[Date "1985.07.22"]
[Round "6"]
[White "Langeweg, Christian"]
[Black "Bohm, Hans"]
[Result "1/2-1/2"]
[WhiteElo "2405"]
[BlackElo "2395"]
[EventDate "1985.07.16"]
[PlyCount "50"]

1.Nf3 f5 2.c4 Nf6 3.g3 e6 4.Bg2 Be7 5.O-O O-O 6.b3 a5 7.Bb2 b6 8.Nc3 Bb7 
9.d4 Na6 10.Qc2 Qe8 11.Rad1 Qh5 12.d5 exd5 13.Nxd5 Nxd5 14.cxd5 Bd6 15.Qc3
Rf6 16.Qc1 Rf7 17.e3 Nb4 18.a3 Na6 19.Ne5 Bxe5 20.Bxe5 d6 21.Bb2 Nc5 22.
Qc2 Re8 23.Rd4 Ne4 24.Rc1 Ba6 25.Re1 Qg6 1/2-1/2

[Event "4th OHRA Open"]
[Site "Amsterdam NED"]
[Date "1985.07.22"]
[Round "6"]
[White "Wockenfuss, Klaus"]
[Black "Belkhodja, Slim"]
[Result "1/2-1/2"]
[WhiteElo "2370"]
[BlackElo "2385"]
[EventDate "1985.07.16"]
[PlyCount "82"]

1.d4 Nf6 2.Nc3 d5 3.Bg5 Nbd7 4.Nf3 e6 5.e4 h6 6.Bh4 g5 7.Bg3 Bb4 8.exd5 
exd5 9.Bd3 Qe7+ 10.Kf1 Bxc3 11.bxc3 Nf8 12.c4 dxc4 13.Bxc4 Be6 14.Bxe6 
Nxe6 15.c3 O-O-O 16.Qa4 a6 17.Re1 Nh5 18.Qb3 Nxg3+ 19.hxg3 Qf6 20.Rb1 b6 
21.Ne5 Kb7 22.a4 h5 23.Qc2 Nc5 24.Kg1 Nd7 25.Qe4+ c6 26.g4 Nxe5 27.dxe5 
Qg6 28.Qb4 c5 29.Qb3 hxg4 30.Rxh8 Rxh8 31.a5 b5 32.Qd5+ Kb8 33.Rd1 Rc8 34.
Qd7 Qe6 35.Qxe6 fxe6 36.Rd6 Ka7 37.Rxe6 b4 38.cxb4 cxb4 39.Rb6 Rc5 40.e6 
Rxa5 41.Rxb4 g3 1/2-1/2

[Event "4th OHRA Open"]
[Site "Amsterdam NED"]
[Date "1985.07.23"]
[Round "7"]
[White "Bischoff, Klaus"]
[Black "Van der Sterren, Paul"]
[Result "1/2-1/2"]
[WhiteElo "2415"]
[BlackElo "2465"]
[EventDate "1985.07.16"]
[PlyCount "51"]

1.d4 d5 2.Nf3 Nf6 3.c4 e6 4.Nc3 Be7 5.Bg5 h6 6.Bh4 O-O 7.e3 b6 8.Qb3 Bb7 
9.Bxf6 Bxf6 10.cxd5 exd5 11.Rd1 Re8 12.a3 c5 13.dxc5 Nd7 14.Nxd5 Nxc5 15.
Qa2 Bxb2 16.Bb5 Re6 17.Nf4 Bc3+ 18.Ke2 Rd6 19.Bc4 Ba6 20.Bxa6 Nxa6 21.Qc4 
Rxd1 22.Rxd1 Qc8 23.Qxc8+ Rxc8 24.Nd5 Rc5 25.Nxc3 Rxc3 26.Rd8+ 1/2-1/2

[Event "4th OHRA Open"]
[Site "Amsterdam NED"]
[Date "1985.07.23"]
[Round "7"]
[White "Haik, Aldo"]
[Black "Piket, Jeroen"]
[Result "1-0"]
[WhiteElo "2440"]
[BlackElo "2400"]
[EventDate "1985.07.16"]
[PlyCount "141"]

1.d4 Nf6 2.c4 g6 3.Nc3 Bg7 4.Nf3 O-O 5.Bg5 d6 6.e3 Nbd7 7.Be2 e5 8.h3 Re8 
9.O-O c6 10.Qc2 Qc7 11.Rad1 Nf8 12.c5 exd4 13.cxd6 Qxd6 14.Nxd4 Qe7 15.Bf4
Rd8 16.Bf3 Ne6 17.Nxe6 Bxe6 18.Qa4 a6 19.Qa5 h6 20.Bc7 Rd7 21.Bb6 Rxd1 22.
Rxd1 Nd7 23.Bd4 Bf8 24.Qc7 Re8 25.b4 Qxb4 26.Rb1 Qa3 27.Rxb7 c5 28.Nb1 Qd3
29.Bc3 Bd6 30.Qa5 Ne5 31.Nd2 Nxf3+ 32.Nxf3 Bd5 33.Ne1 Qc4 34.Rd7 Bf8 35.a3
Rb8 36.Bf6 Rb1 37.Qd2 Bc6 38.Rd8 Qe4 39.f3 Qe6 40.Bc3 h5 41.e4 Qe7 42.Qh6 
f6 43.Qxg6+ Qg7 44.Qf5 Qe7 45.Qg6+ Qg7 46.Qxh5 Qe7 47.Qg4+ Kf7 48.Qh5+ Kg8
49.Qg6+ Qg7 50.Qf5 Qf7 51.Qc8 Bb5 52.Kf2 Rc1 53.Qg4+ Qg7 54.Bb2 Rb1 55.
Bxf6 Qxg4 56.hxg4 Kf7 57.g5 c4 58.Nc2 Bc5+ 59.Kg3 Rc1 60.Nd4 Bxd4 61.Bxd4 
Rc2 62.Rd6 c3 63.g6+ Ke7 64.g7 Bf1 65.Rc6 Rxg2+ 66.Kf4 Bb5 67.Rxc3 Bd7 68.
Rc5 Kf7 69.Rc7 Ke7 70.Bf6+ Ke6 71.Bg5 1-0

[Event "4th OHRA Open"]
[Site "Amsterdam NED"]
[Date "1985.07.23"]
[Round "7"]
[White "De Wit, Jan"]
[Black "Ree, Hans"]
[Result "1/2-1/2"]
[WhiteElo "2390"]
[BlackElo "2465"]
[EventDate "1985.07.16"]
[PlyCount "39"]

1.e4 e6 2.d4 d5 3.Nc3 Nf6 4.e5 Nfd7 5.f4 c5 6.Nf3 Nc6 7.Be3 cxd4 8.Nxd4 
Qb6 9.Qd2 Qxb2 10.Rb1 Qa3 11.Bb5 Nxd4 12.Bxd4 Bb4 13.Rb3 Qa5 14.a3 Be7 15.
f5 exf5 16.Nxd5 Qxd2+ 17.Kxd2 Bd8 18.Rg3 a6 19.Bxd7+ Bxd7 20.Rxg7 1/2-1/2

[Event "4th OHRA Open"]
[Site "Amsterdam NED"]
[Date "1985.07.23"]
[Round "7"]
[White "Watson, William"]
[Black "Hartoch, Robert"]
[Result "1/2-1/2"]
[WhiteElo "2435"]
[BlackElo "2380"]
[EventDate "1985.07.16"]
[PlyCount "34"]

1.e4 c5 2.Nc3 Nc6 3.f4 e6 4.Nf3 d5 5.Bb5 Nf6 6.Ne5 Bd7 7.Bxc6 Bxc6 8.Nxc6 
bxc6 9.d3 Be7 10.O-O O-O 11.Qe2 a5 12.e5 Nd7 13.f5 exf5 14.Rxf5 f6 15.exf6
Bxf6 16.Qe6+ Kh8 17.Bd2 Qe8 1/2-1/2

[Event "4th OHRA Open"]
[Site "Amsterdam NED"]
[Date "1985.07.23"]
[Round "7"]
[White "Lombardy, William James"]
[Black "Langeweg, Christian"]
[Result "1/2-1/2"]
[WhiteElo "2510"]
[BlackElo "2405"]
[EventDate "1985.07.16"]
[PlyCount "86"]

1.e4 c5 2.Nf3 e6 3.c3 d5 4.exd5 Qxd5 5.d4 Nf6 6.Na3 Qd8 7.Nc2 Nbd7 8.a4 
Bd6 9.g3 b6 10.Bg2 Bb7 11.O-O O-O 12.Qe2 cxd4 13.Nfxd4 Re8 14.Rd1 a6 15.a5
Qc7 16.axb6 Nxb6 17.Ne1 Nbd5 18.c4 Nb4 19.Bxb7 Qxb7 20.Nb3 Bf8 21.Na5 Qc7 
22.Bf4 e5 23.Be3 Rab8 24.Nb3 Rec8 25.Nd2 h6 26.Qf3 Qc6 27.Qxc6 Rxc6 28.h3 
Ne8 29.b3 f5 30.Ndf3 Re6 31.Ra5 Bd6 32.c5 Bc7 33.Ra4 Nf6 34.Nh4 f4 35.Bd2 
Nfd5 36.Bxb4 Nxb4 37.Rd7 Bd8 38.Nf5 Bf6 39.Rd6 Rxd6 40.Nxd6 fxg3 41.fxg3 
Bg5 42.Kf2 Kf8 43.Ne4 Bd8 1/2-1/2

[Event "4th OHRA Open"]
[Site "Amsterdam NED"]
[Date "1985.07.23"]
[Round "7"]
[White "Boersma, Paulus"]
[Black "Rogers, Ian"]
[Result "0-1"]
[WhiteElo "2385"]
[BlackElo "2510"]
[EventDate "1985.07.16"]
[PlyCount "92"]

1.d4 Nf6 2.Nf3 c5 3.d5 e6 4.c4 b5 5.dxe6 fxe6 6.cxb5 d5 7.e3 Bb7 8.Nc3 
Nbd7 9.Bd3 Bd6 10.e4 O-O 11.Qe2 c4 12.Bc2 Nxe4 13.Nxe4 dxe4 14.Bxe4 Bb4+ 
15.Bd2 Bxe4 16.Bxb4 Bd3 17.Qxe6+ Kh8 18.O-O-O Rf6 19.Qe7 Qxe7 20.Bxe7 Rf5 
21.Bb4 Rxb5 22.Bc3 Nf6 23.Ne5 Ne4 24.Nxd3 cxd3 25.Rxd3 Nxf2 26.Rd7 Nxh1 
27.Rxg7 Rc5 28.Rf7+ Kg8 29.Rf1 Rg5 30.Rxh1 Rxg2 31.h4 Rf8 32.a3 Rf3 33.h5 
Rfg3 34.h6 Rg1+ 35.Rxg1 Rxg1+ 36.Kc2 Rg3 37.b4 Rh3 38.b5 Kf7 39.a4 Rh4 40.
Kb3 Ke6 41.Be1 Rf4 42.a5 Kd5 43.Bb4 Rf3+ 44.Ka4 Rf6 45.Bd2 Kc4 46.a6 Rf1 
0-1

[Event "4th OHRA Open"]
[Site "Amsterdam NED"]
[Date "1985.07.23"]
[Round "7"]
[White "Bohm, Hans"]
[Black "Klaric, Zlatko"]
[Result "1/2-1/2"]
[WhiteElo "2395"]
[BlackElo "2465"]
[EventDate "1985.07.16"]
[PlyCount "88"]

1.d4 d5 2.c4 Bf5 3.Nc3 e6 4.Nf3 Nf6 5.Bg5 c6 6.Qb3 Qb6 7.Bxf6 gxf6 8.e3 
Na6 9.Qxb6 axb6 10.cxd5 exd5 11.Kd2 Kd7 12.Bd3 Bxd3 13.Kxd3 Nc7 14.Rhe1 
Bb4 15.a3 Bxc3 16.Kxc3 Nb5+ 17.Kd3 Nd6 18.Nd2 f5 19.f3 Rhe8 20.e4 fxe4+ 
21.fxe4 dxe4+ 22.Nxe4 Nxe4 23.Rxe4 Rxe4 24.Kxe4 f5+ 25.Kxf5 Rf8+ 26.Kg4 
Rf2 27.Rg1 Rxb2 28.Kg5 Ra2 29.Kh6 Rxa3 30.Kxh7 c5 31.Kg6 c4 32.Kf5 b5 33.
h4 b4 34.Ke4 b3 35.h5 Ra6 36.d5 b2 37.Rb1 c3 38.Kd3 Ra1 39.Kc2 b5 40.h6 b4
41.h7 Ra8 42.Rh1 Kd6 43.h8=Q b3+ 44.Kxb3 Rxh8 1/2-1/2

[Event "4th OHRA Open"]
[Site "Amsterdam NED"]
[Date "1985.07.24"]
[Round "8"]
[White "Hellers, Ferdinand"]
[Black "De Wit, Jan"]
[Result "1-0"]
[WhiteElo "2380"]
[BlackElo "2390"]
[EventDate "1985.07.16"]
[PlyCount "78"]

1.e4 e6 2.d4 d5 3.Nd2 Nf6 4.e5 Nfd7 5.Bd3 c5 6.c3 Nc6 7.Ngf3 Qb6 8.O-O 
cxd4 9.cxd4 Nxd4 10.Nxd4 Qxd4 11.Nf3 Qb6 12.Qa4 Qb4 13.Qc2 Qc5 14.Qe2 Qb6 
15.Be3 Qd8 16.Rac1 Be7 17.Rc3 O-O 18.Rfc1 f5 19.exf6 Bxf6 20.Rc7 e5 21.Bf5
d4 22.Bd2 Nb6 23.Bd3 Re8 24.Qe4 g6 25.Rxh7 Bf5 26.Qxb7 Be7 27.Bxf5 Kxh7 
28.Bxg6+ Kxg6 29.Qe4+ Kg7 30.Qg4+ Kh8 31.Qh5+ Kg8 32.Qg6+ Kh8 33.Qh6+ Kg8 
34.Qg6+ Kh8 35.Ng5 Bxg5 36.Bxg5 Nd5 37.Bxd8 Raxd8 38.Rc6 Re7 39.Qh5+ Kg8 
1-0

[Event "4th OHRA Open"]
[Site "Amsterdam NED"]
[Date "1985.07.24"]
[Round "8"]
[White "Pliester, Leon"]
[Black "Campora, Daniel Hugo"]
[Result "0-1"]
[WhiteElo "2340"]
[BlackElo "2440"]
[EventDate "1985.07.16"]
[PlyCount "74"]

1.e4 c6 2.d4 d5 3.exd5 cxd5 4.c4 Nf6 5.Nc3 e6 6.Nf3 Be7 7.cxd5 Nxd5 8.Bd3 
Nc6 9.O-O O-O 10.a3 Bf6 11.Be4 Nce7 12.Qd3 g6 13.Re1 Bg7 14.Bg5 f6 15.Bh4 
Kh8 16.Rac1 Bh6 17.Bxd5 Bxc1 18.Bxe6 Bxe6 19.Rxe6 Nf5 20.Qe4 Bh6 21.d5 Bg7
22.Bg3 Qd7 23.Bf4 Rfe8 24.g4 Ne7 25.h4 Rad8 26.h5 f5 27.gxf5 gxf5 28.Qc4 
Nxd5 29.Rxe8+ Qxe8 30.Nxd5 Qe4 31.Qc7 Qxd5 32.Ng5 Qd1+ 33.Kg2 Qg4+ 34.Kh2 
Qxh5+ 35.Kg2 Rf8 36.Qc4 h6 37.Ne6 Qf7 0-1

[Event "4th OHRA Open"]
[Site "Amsterdam NED"]
[Date "1985.07.24"]
[Round "8"]
[White "Rogers, Ian"]
[Black "Bohm, Hans"]
[Result "1/2-1/2"]
[WhiteElo "2510"]
[BlackElo "2395"]
[EventDate "1985.07.16"]
[PlyCount "117"]

1.d4 e6 2.g3 d5 3.Bg2 f5 4.c4 c6 5.Nh3 Nf6 6.O-O Bd6 7.Bf4 O-O 8.Nd2 Bxf4 
9.Nxf4 Qb6 10.Nb3 dxc4 11.Nc5 Na6 12.Nxa6 Qxa6 13.Qc2 g5 14.Nh3 h6 15.Rfc1
Bd7 16.e4 Rae8 17.f4 g4 18.Nf2 b5 19.e5 Nh5 20.b3 Rb8 21.bxc4 bxc4 22.Qxc4
Qxc4 23.Rxc4 Rfd8 24.Nd3 Ng7 25.Nc5 Be8 26.Nb3 Rb6 27.Rac1 h5 28.Kf2 Kf7 
29.Ke3 Ra6 30.R1c2 Ra3 31.Bxc6 a5 32.Bxe8+ Nxe8 33.R4c3 Rb8 34.Nd2 Rxc3+ 
35.Rxc3 Rb2 36.d5 exd5 37.Ra3 h4 38.Rxa5 h3 39.Ra7+ Kf8 40.a4 Ng7 41.Ra6 
Ke7 42.Ra7+ Kf8 43.Ra6 Ke7 44.Rd6 Ra2 45.Rxd5 Ra3+ 46.Rd3 Rxa4 47.Nb3 Ne6 
48.Nd4 Nxd4 49.Rxd4 Ra1 50.Rd2 Re1+ 51.Re2 Rh1 52.Kd3 Rg1 53.Rb2 Rg2 54.
Rd2 Rg1 55.Ke3 Re1+ 56.Kd4 Ke6 57.Rb2 Rd1+ 58.Kc4 Rg1 59.Kc3 1/2-1/2

[Event "4th OHRA Open"]
[Site "Amsterdam NED"]
[Date "1985.07.24"]
[Round "8"]
[White "Ree, Hans"]
[Black "Bischoff, Klaus"]
[Result "1/2-1/2"]
[WhiteElo "2465"]
[BlackElo "2415"]
[EventDate "1985.07.16"]
[PlyCount "72"]

1.d4 d6 2.Nf3 g6 3.c4 Bg7 4.Nc3 Bg4 5.e3 Nc6 6.Be2 e5 7.d5 Nce7 8.e4 Bxf3 
9.Bxf3 Bh6 10.Bxh6 Nxh6 11.h4 Kf8 12.Qd2 Kg7 13.O-O-O Nc8 14.g3 Nb6 15.Be2
Nd7 16.f4 Qe7 17.Rdf1 f6 18.Rh2 Raf8 19.Qe3 a6 20.Rhf2 f5 21.Bd1 Re8 22.
Re2 Rhf8 23.Bc2 exf4 24.Rxf4 fxe4 25.Rxf8 Rxf8 26.Nxe4 Rf1+ 27.Re1 Rxe1+ 
28.Qxe1 Nf7 29.Qc3+ Qe5 30.Kd2 Nc5 31.Nf2 Nd7 32.Qxe5+ Nfxe5 33.Kc3 Nf6 
34.Kd4 b6 35.b4 Kf7 36.Bd1 Ke7 1/2-1/2

[Event "4th OHRA Open"]
[Site "Amsterdam NED"]
[Date "1985.07.24"]
[Round "8"]
[White "Van der Sterren, Paul"]
[Black "Georgiev, Kiril"]
[Result "0-1"]
[WhiteElo "2465"]
[BlackElo "2550"]
[EventDate "1985.07.16"]
[PlyCount "138"]

1.d4 Nf6 2.c4 e6 3.Nf3 d5 4.Nc3 Be7 5.Bg5 h6 6.Bxf6 Bxf6 7.e3 O-O 8.Qc2 
dxc4 9.Bxc4 Nd7 10.Ne4 Be7 11.O-O c5 12.Rac1 cxd4 13.Nxd4 Nf6 14.Ng3 Qb6 
15.Rfd1 Rd8 16.Qe2 a6 17.h3 Bd7 18.Bb3 Bf8 19.Qc4 Qb4 20.Qc2 Be7 21.a3 Qb6
22.Qc7 Qxc7 23.Rxc7 Rab8 24.Nf3 Kf8 25.Ne5 Be8 26.Rxd8 Bxd8 27.Rc1 Be7 28.
Ne2 Rd8 29.Rd1 Rxd1+ 30.Bxd1 Ne4 31.Bc2 Nd2 32.Nd4 Bf6 33.Nd3 e5 34.Nf3 e4
35.Nxd2 exd3 36.Bxd3 Bxb2 37.Nb1 Bc6 38.f3 Ke7 39.Kf2 Bc1 40.Ke2 Kd6 41.
Bc4 f5 42.Bd3 f4 43.exf4 Bxf4 44.Nd2 Ke5 45.Nc4+ Kd4 46.Na5 Bd5 47.Be4 
Bxe4 48.fxe4 Kxe4 49.Nxb7 Kd5 50.Na5 Bd6 51.a4 Bc7 52.Nb3 Kc4 53.Nd2+ Kb4 
54.Kd3 a5 55.Ne4 Be5 56.g4 g5 57.Nd2 Kxa4 58.Nc4 Bg3 59.Kc3 Bf4 60.Nb6+ 
Kb5 61.Nd5 a4 62.Kb2 Be5+ 63.Ka2 Bd6 64.Ne3 Bf8 65.Nf5 Kc4 66.h4 Kd5 67.
hxg5 hxg5 68.Ng3 Ke5 69.Nh5 Be7 0-1

[Event "4th OHRA Open"]
[Site "Amsterdam NED"]
[Date "1985.07.24"]
[Round "8"]
[White "Klaric, Zlatko"]
[Black "Hartoch, Robert"]
[Result "1/2-1/2"]
[WhiteElo "2465"]
[BlackElo "2380"]
[EventDate "1985.07.16"]
[PlyCount "26"]

1.e4 g6 2.d4 Bg7 3.h4 h5 4.Nc3 c6 5.e5 d5 6.Nh3 Nh6 7.Ng5 Bf5 8.Bd3 e6 9.
Ne2 Nd7 10.c3 Qe7 11.O-O Bxd3 12.Qxd3 Nf5 13.g3 O-O-O 1/2-1/2

[Event "4th OHRA Open"]
[Site "Amsterdam NED"]
[Date "1985.07.24"]
[Round "8"]
[White "Langeweg, Christian"]
[Black "Watson, William"]
[Result "1/2-1/2"]
[WhiteElo "2405"]
[BlackElo "2435"]
[EventDate "1985.07.16"]
[PlyCount "20"]

1.d4 Nf6 2.Nf3 g6 3.Bf4 d6 4.h3 Bg7 5.c3 O-O 6.e3 Nc6 7.Be2 Nd7 8.d5 Nce5 
9.Nbd2 c6 10.dxc6 bxc6 1/2-1/2